000 00404nam a22001937a 4500
003 UA-OsUOA
001 2623
007 ta
008 20050721b un ||||| |||| 00| 0 ukr d
100 _aLindsey
700 _aP.
700 _aLindsey
700 _aO.
942 _cBK
040 _aUA-OsUOA
_cUA-OsUOA
_dUA-OsUOA
245 _aBreaking the bonds of racism.
_bPolitics
955 _a2
650 7 _2UDC
999 _c288785
_d288785